Clash of clans : Les compositions d'attaques hdv9 - Statistiques

Statistiques générales
  • Ce quiz a été pris 27 fois
    25 depuis la dernière actualisation
  • Le résultat moyen est 3 sur 15
Statistiques - réponses
Troupes majeures Réponse % Correct
ballons mobal
70%
sorciers gowi
65%
sorcières gowiwi
48%
pekka gowipe
35%
aqh aqh mobal
30%
aqh aqh cochon
17%
cochons gohog
17%
valkyries gowiva
17%
aqh aqh dragon
9%
aqh aqh bebe dragon
4%
cochons full cochons
4%
dragons full dragons
4%
valkyies/cochons govahog
4%
aqh / valkyries / cochons aqh govahog
0%
boulistes (cdc)/ballons goboumobal
0%
Aucun quiz correspondant
Distribution des résultats
% des personnes avec chaque résultat
Percentile par nombre de réponses
Votre historique - résultats
Vous n’avez pas pris ce quiz depuis la dernière actualisation